|
|
|
|
| LEADER |
01622nam a2200361 a 4500 |
| 001 |
37219 |
| 003 |
BD-DhAAL |
| 005 |
20211129105752.0 |
| 008 |
210207s2018 nyua 001 0 eng d |
| 999 |
|
|
|c 42324
|d 42324
|
| 010 |
|
|
|a 2016040843
|
| 020 |
|
|
|a 9781259307416 (alk. paper)
|
| 020 |
|
|
|a 9781260153132
|
| 040 |
|
|
|a DLC
|b eng
|c DLC
|e rda
|d DLC
|d BD-DhAAL
|
| 042 |
|
|
|a pcc
|
| 050 |
0 |
0 |
|a HF5657.4
|b .G37 2018
|
| 082 |
0 |
0 |
|a 658.1511
|2 23
|
| 100 |
1 |
|
|a Garrison, Ray H.,
|e author.
|9 40884
|
| 245 |
1 |
0 |
|a Managerial accounting /
|c Ray H. Garrison, D.B.A., CPA, Eric W. Noreen, Ph.D., CMA, Peter C. Brewer, Ph.D..
|
| 250 |
|
|
|a Sixteenth edition.
|
| 260 |
|
|
|a New York, NY :
|b McGraw-Hill Education,
|c c2018.
|
| 300 |
|
|
|a xxxii, 784 pages :
|b color illustrations ;
|c 29 cm
|
| 500 |
|
|
|a Includes index.
|
| 526 |
|
|
|a BBS
|
| 541 |
|
|
|a Development Book Agency
|e 37219, 37220
|
| 650 |
|
0 |
|a Managerial accounting.
|9 40885
|
| 650 |
|
0 |
|a Business & finance
|9 43333
|
| 700 |
1 |
|
|a Noreen, Eric W.,
|e author.
|9 40886
|
| 700 |
1 |
|
|a Brewer, Peter C.,
|e author.
|9 40887
|
| 852 |
|
|
|a Ayesha Abed Library
|c General stacks
|
| 942 |
|
|
|2 ddc
|c BK
|
| 952 |
|
|
|0 0
|1 0
|2 ddc
|4 0
|6 658_151100000000000_GAR
|7 0
|9 68177
|a BRACUL
|b BRACUL
|c GEN
|d 2020-03-12
|e Development Book Agency
|g 11369.00
|l 16
|m 139
|o 658.1511 GAR
|p 3010037220
|q 2026-06-02
|r 2026-02-02
|s 2026-02-02
|t 2
|v 11369.00
|w 2020-03-12
|y BK
|x Received During Pandemic
|
| 952 |
|
|
|0 0
|1 0
|2 ddc
|4 0
|6 658_151100000000000_GAR
|7 0
|9 68178
|a BRACUL
|b BRACUL
|c GEN
|d 2020-03-12
|e Development Book Agency
|g 11369.00
|l 18
|m 128
|o 658.1511 GAR
|p 3010037219
|r 2025-10-13
|s 2025-06-18
|t 1
|v 11369.00
|w 2020-03-12
|y BK
|x Received During Pandemic
|